Tip & teknik menggunakan MS Office & internet

Bibliographic Details
Main Author: Wan Mohd Nazif Nori
Format: Book
Published: Pahang : PTS Professional Publishing , 2005
Series:Siri pengurusan pejabat
Subjects:

MARC

LEADER 00000cam a2200000 7i4500
001 0000011694
005 20080118.0
008 071116
020 |a 9833376541 
090 0 0 |a 005.369   |b WAN 
100 0 |a Wan Mohd Nazif Nori 
245 1 0 |a Tip & teknik menggunakan MS Office & internet   |c Wan Mohd Nazif Nori 
260 |a Pahang :   |b PTS Professional Publishing ,   |c 2005 
440 |a Siri pengurusan pejabat 
650 0 |a Computer   |x Study and teaching 
999 |a 0001003201   |b Book   |c Adult Collection   |e Perbadanan Perpustakaan Awam Johor 
999 |a 0001003203   |b Book   |c Adult Collection   |e Cawangan Tmn. Ungku Tun Aminah 
999 |a 0001003204   |b Book   |c Adult Collection   |e Perbadanan Perpustakaan Awam Johor 
999 |a 0001146921   |b Book   |c Adult Collection   |e Cawangan Bandar Penawar 
999 |a 0001146922   |b Book   |c Adult Collection   |e Cawangan Bukit Gambir